000
00193 a2200097 4500
001
7794
100
_a
Iqbal
245
_a
Payma-e-Mashrique
260
_a
_b
Javed Iqbal
_c
090
_c
6244
_d
6244
942
_a
NUST-CAE
_c
M
_c
32761
999
_c
242867
_d
242867